000 00657cam a22002293a 4500
001 12992
003 PGUSA
005 20140828083300.0
008 040722s2004||||xxu|||||s|||||000 | eng d
040 _aPGUSA
_beng
042 _adc
050 4 _aDU
100 1 _aJeffery, Walter,
_d1861-1922
245 1 4 _aThe Naval Pioneers of Australia
_h[electronic resource] /
_cWalter Jeffery
260 _bProject Gutenberg,
_c2004
506 _aPublic domain in the USA.
516 _aElectronic text
653 _aAustralia -- Discovery and exploration
830 0 _aProject Gutenberg
_v12992
856 4 0 _uhttp://www.gutenberg.org/ebooks/12992
942 _cEB
999 _c242247
_d242247